Sèamtliche Werke / (Record no. 108706)

MARC details
000 -LEADER
campo de control de longitud fija 01597nam a2200229 4500
001 - NÚMERO DE CONTROL
campo de control 108706
003 - IDENTIFICADOR DE NÚMERO DE CONTROL
campo de control ES-MaACL
005 - FECHA Y HORA DE LA ÚLTIMA TRANSACCIÓN
campo de control 20230906184707.0
007 - CAMPO FIJO DE DESCRIPCIÓN FÍSICA--INFORMACIÓN GENERAL
campo de control de longitud fija t|
008 - DATOS DE LONGITUD FIJA--INFORMACIÓN GENERAL
campo de control de longitud fija 061121s1980 gw r ||||1| ger d
020 ## - NÚMERO INTERNACIONAL ESTÁNDAR DEL LIBRO
Número Internacional Estándar del Libro 3-423-05977-X
020 ## - NÚMERO INTERNACIONAL ESTÁNDAR DEL LIBRO
Número Internacional Estándar del Libro 3-II-008117-2
100 1# - ENTRADA PRINCIPAL--NOMBRE DE PERSONA
Nombre de persona Nietzsche, Friedrich,
Fechas asociadas al nombre 1844-1900
9 (RLIN) 85718
245 10 - MENCIÓN DEL TÍTULO
Título Sèamtliche Werke /
Mención de responsabilidad, etc. Friedrich Nietzsche ; herausgegeben von Giorgi Colli und Mazzino Montinari.
260 ## - PUBLICACIÓN, DISTRIBUCIÓN, ETC.
Lugar de publicación, distribución, etc. München :
Nombre del editor, distribuidor, etc. Deutscher Taschenbuch,
Fecha de publicación, distribución, etc. 1980.
300 ## - DESCRIPCIÓN FÍSICA
Extensión 15 v. ;
Dimensiones 18 cm.
505 8# - NOTA DE CONTENIDO CON FORMATO
Nota de contenido con formato Contiene: vol 1: Die Geburt der Tragödie. Unzeitgemèasse Betrachtungen I-IV. Nachgelassene Schriften 1870-1873 -- vol. 2: Menschliches, Allzumenschliches -- vol. 3: Morgenröte. Idyllen aus Messina. Die fröhliche Wissenschaft -- vol. 4: Also sprach Zarathustra I-IV -- vol 5: Jenseits von Gut und Böse. Zur Genealogie der moral -- vol. 6: Der Fall Wagner. Götzen-Dèammerung. Der Antichrist. Ecce homo. Dionysos-Dithyramben. Nietzsche contra Wagner -- vol. 7: Nachgelassene Fragmente 1869-1874 -- vol. 8: Nachgelassene Fragmente 1875-1879 -- vol. 9: Nachgelassene Fragmente 1880-1882 -- vol. 10: Nachgelassene Fragmnte 1882-1884 -- vol. 11: Nachgelassene Fragmente 1884-1885 -- vol. 12: Nachgelassene Fragmente 1885-1887 -- vol. 13: Nachgelassene Fragmente 1887-1889 -- vol. 14: Kommentar zu den Bèanden 1-13 -- vol. 15: Chronik zu Nietzsches Leben. Konkordanz. Verzeichnis der Gedichte.Gesamtregister
700 1# - ENTRADA AGREGADA--NOMBRE PERSONAL
Nombre de persona Montinari, Mazzino.
9 (RLIN) 82661
700 1# - ENTRADA AGREGADA--NOMBRE PERSONAL
Nombre de persona Colli, Giorgi.
9 (RLIN) 39700
852 ## - LOCALIZACIÓN
Ubicación ES-MaACL
Número de control de estantería L-9734-48
Sublocalización o colección R.112060
Holdings
Estatus retirado Estado de pérdida Estado de daño No para préstamo Biblioteca de origen Biblioteca actual Ubicación en estantería Fecha de adquisición Fuente de adquisición Total de préstamos Signatura topográfica completa Código de barras Visto por última vez Precio de reemplazo Tipo de ítem Koha
        Biblioteca del Ateneo de Madrid Biblioteca del Ateneo de Madrid Depósito 2 17/01/2008     L-9734-48 1113431 23/02/2023 23/02/2023 Libro impreso